LEADER 01121nam0-22004091i-450 001 990001353650403321 005 20200827093205.0 010 $a0-387-94530-X 035 $a000135365 035 $aFED01000135365 035 $a(Aleph)000135365FED01 035 $a000135365 100 $a20161109d1996----km-y0itay50------ba 101 0 $aeng 102 $aUS 200 1 $a<>introduction to the mathematical theory of inverse problems$fA. Kirsch 210 $aNew York$d1996 215 $ax, 282 p .$cill.$d24 cm 225 1 $aApplied mathematical sciences$v120 610 0 $aProblemi inversi 610 0 $aProblemi mal posti 610 0 $aOttica$aDiffrazione 676 $a515.35 700 1$aKirsch,$bAndreas$028299 801 0$aIT$bUNINA$gRICA$2UNIMARC 901 $aBK 912 $a990001353650403321 952 $aC-33-(120$b14869$fMA1 952 $a02 33 E 68$b7243$fFINBN 959 $aFINBN 959 $aMA1 962 $a35R30 962 $a35R25 962 $a65R30 962 $a78A45 996 $aIntroduction to the mathematical theory of inverse problems$9349256 997 $aUNINA LEADER 03212nam 2200661 a 450 001 9910462272903321 005 20200520144314.0 010 $a1-282-23392-0 010 $a9786613811660 010 $a0-520-95383-5 024 7 $a10.1525/9780520953833 035 $a(CKB)2670000000230656 035 $a(EBL)980022 035 $a(OCoLC)802693544 035 $a(SSID)ssj0000696737 035 $a(PQKBManifestationID)12225924 035 $a(PQKBTitleCode)TC0000696737 035 $a(PQKBWorkID)10682461 035 $a(PQKB)11286985 035 $a(MiAaPQ)EBC980022 035 $a(DE-B1597)518982 035 $a(OCoLC)806040079 035 $a(DE-B1597)9780520953833 035 $a(Au-PeEL)EBL980022 035 $a(CaPaEBR)ebr10587983 035 $a(CaONFJC)MIL381166 035 $a(EXLCZ)992670000000230656 100 $a20120330d2012 ub 0 101 0 $aeng 135 $aur|n|---||||| 181 $ctxt 182 $cc 183 $acr 200 12$aA shark going inland is my chief$b[electronic resource] $ethe island civilization of ancient Hawai?i /$fPatrick Vinton Kirch 210 $aBerkeley $cUniversity of California Press$dc2012 215 $a1 online resource (375 p.) 300 $aDescription based upon print version of record. 311 $a0-520-30341-5 311 $a0-520-27330-3 320 $aIncludes bibliographical references (p. 317-333) and index. 327 $apt. 1. Voyages -- pt. 2. In Pele's islands -- pt. 3. The reign of the feathered gods. 330 $aTracing the origins of the Hawaiians and other Polynesians back to the shores of the South China Sea, archaeologist Patrick Vinton Kirch follows their voyages of discovery across the Pacific in this fascinating history of Hawaiian culture from about one thousand years ago. Combining more than four decades of his own research with Native Hawaiian oral traditions and the evidence of archaeology, Kirch puts a human face on the gradual rise to power of the Hawaiian god-kings, who by the late eighteenth century were locked in a series of wars for ultimate control of the entire archipelago.This lively, accessible chronicle works back from Captain James Cook's encounter with the pristine kingdom in 1778, when the British explorers encountered an island civilization governed by rulers who could not be gazed upon by common people. Interweaving anecdotes from his own widespread travel and extensive archaeological investigations into the broader historical narrative, Kirch shows how the early Polynesian settlers of Hawai'i adapted to this new island landscape and created highly productive agricultural systems. 606 $aSOCIAL SCIENCE / Archaeology$2bisacsh 607 $aHawaii$xCivilization 607 $aHawaii$xAntiquities 607 $aHawaii$xHistory$yTo 1893 607 $aHawaii$xEnvironmental conditions 608 $aElectronic books. 615 7$aSOCIAL SCIENCE / Archaeology. 676 $a996.9/02 700 $aKirch$b Patrick Vinton$0678780 801 0$bMiAaPQ 801 1$bMiAaPQ 801 2$bMiAaPQ 906 $aBOOK 912 $a9910462272903321 996 $aA shark going inland is my chief$92451311 997 $aUNINA LEADER 02879nam 2200673Ia 450 001 9910464121703321 005 20200520144314.0 010 $a1-283-14262-7 010 $a9786613142627 010 $a1-4438-2819-X 035 $a(CKB)3360000000431473 035 $a(EBL)1133139 035 $a(OCoLC)830167775 035 $a(SSID)ssj0000544348 035 $a(PQKBManifestationID)11352946 035 $a(PQKBTitleCode)TC0000544348 035 $a(PQKBWorkID)10536139 035 $a(PQKB)10062613 035 $a(MiAaPQ)EBC1133139 035 $a(Au-PeEL)EBL1133139 035 $a(CaPaEBR)ebr10677100 035 $a(CaONFJC)MIL314262 035 $a(EXLCZ)993360000000431473 100 $a20110415d2011 uy 0 101 0 $aeng 135 $aur|n|---||||| 181 $ctxt 182 $cc 183 $acr 200 00$aMusic and modernism, c. 1849-1950$b[electronic resource] /$fedited by Charlotte de Mille 210 $aNewcastle upon Tyne, UK $cCambridge Scholars Pub.$d2011 215 $a1 online resource (363 p.) 300 $aDescription based upon print version of record. 311 $a1-4438-2696-0 320 $aIncludes bibliographical references (p. [309]-334) and index. 327 $aTABLE OF CONTENTS; LIST OF ILLUSTRATIONS; ACKNOWLEDGEMENTS; INTRODUCTION; HOW TO PAINT A FUGUE; PART I; CHAPTER ONE; CHAPTER TWO; CHAPTER THREE; PART II; CHAPTER FOUR; CHAPTER FIVE; PART III; CHAPTER SIX; CHAPTER SEVEN; PART IV; CHAPTER EIGHT; CHAPTER NINE; PART V; CHAPTER TEN; CHAPTER ELEVEN; BIBLIOGRAPHY; CONTRIBUTORS; INDEX 330 $aMusic and Modernism is a collection of essays which re-evaluate the significant connections between the disciplines of music, fine art and architecture in the period covering the emergence and flowering of modernism, c. 1849 - 1950. Combining established scholars in the field with those at the start of their careers, this book presents an exceptional cross-section of European and American modernism through a series of detailed case-studies. Avoiding a simplistic engagement with cross- or inte... 606 $aModernism (Music) 606 $aMusic$y20th century$xPhilosophy and aesthetics 606 $aMusic$y19th century$xPhilosophy and aesthetics 606 $aModernism (Art) 606 $aArts, Modern$y19th century 606 $aArts, Modern$y20th century 608 $aElectronic books. 615 0$aModernism (Music) 615 0$aMusic$xPhilosophy and aesthetics. 615 0$aMusic$xPhilosophy and aesthetics. 615 0$aModernism (Art) 615 0$aArts, Modern 615 0$aArts, Modern 676 $a780.9/034 701 $aDe Mille$b Charlotte$0948088 801 0$bMiAaPQ 801 1$bMiAaPQ 801 2$bMiAaPQ 906 $aBOOK 912 $a9910464121703321 996 $aMusic and modernism, c. 1849-1950$92142961 997 $aUNINA